Fáy András meséi

Bibliographic Details
Main Author: Fáy, András, 1786-1864 (Author)
Format: Article
Language:Hungarian
Slovak
Subjects:

MARC

LEADER 00000nab a2200000 a 4500
001 vtls000672790
003 SK-MaSNL
005 20260302190659.0
008 160314c1998 xo 0 hun
015 |a SNBRA1998/09-23398 
035 |a CLN000024966 
040 |a SNKBUCL  |b slo  |c SNKBUCL  |e AACR2 
041 0 |a slo 
044 |a xo  |c SK 
080 |a 894.511-3(087.5)=945.11  |2 UDC-MRF-SK2 
100 1 |a Fáy, András,  |d 1786-1864  |4 aut  |9 389409 
245 1 0 |a Fáy András meséi 
505 1 |a A sas és a fülemüle -- A varjú és a pacsirta -- A kutya -- A farkas és a nyúl -- A tolvaj eb 
650 0 7 |a autorské rozprávky, maďarské  |2 snkbucl  |9 71245 
773 0 |t Cserkész  |g Roč. 9, č. 1 (1998), s. 13 
850 |a Slovenská národná knižnica v Martine 
852 |a SNK  |b KIS3GCP 
958 |a HU 
958 |a LX 
958 |a RBX 
999 |c 1434370  |d 1436300